Faschismus als Herausforderung: die Auseinandersetzung der "Roten Fahne" und des "Vorwärts" mit dem italienischen Faschismus 1920 - 1933
| Main Author: | |
|---|---|
| Format: | Print Book |
| Language: | German |
| Published: |
Köln Wien
Böhlau-Verlag
1981
|
| In: |
Böhlau-Politica (3)
Year: 1981 |
| Online Access: |
Table of Contents Table of Contents |
| Availability in Tübingen: | Present in Tübingen. UB: 21 A 8354 |
| Check availability: | HBZ Gateway |
| Subito Delivery Service: | Order now. |
| Keywords: |
MARC
| LEADER | 00000cam a2200000 c 4500 | ||
|---|---|---|---|
| 001 | 023985674 | ||
| 003 | DE-627 | ||
| 005 | 20260206193557.0 | ||
| 007 | tu | ||
| 008 | 710101s1981 gw ||||| m 00| ||ger c | ||
| 015 | |a 80,N47,0100 |2 dnb | ||
| 015 | |a 81,A31,0820 |2 dnb | ||
| 016 | 7 | |a 800087739 |2 DE-101 | |
| 020 | |a 3412012793 |9 3-412-01279-3 | ||
| 035 | |a (DE-627)023985674 | ||
| 035 | |a (DE-603)02230617X | ||
| 035 | |a (DE-576)008268614 | ||
| 035 | |a (DE-599)GBV023985674 | ||
| 035 | |a (OCoLC)833299400 | ||
| 035 | |a (OCoLC)09556668 | ||
| 035 | |a (AT-OBV)AC00842431 | ||
| 035 | |a (DE-604)8012668761 | ||
| 040 | |a DE-627 |b ger |c DE-627 |e rakwb | ||
| 041 | |a ger | ||
| 044 | |c XA-DE |c XA-AT | ||
| 050 | 0 | |a DG572 | |
| 082 | 0 | |a 320.5/33/0945 |q OCLC | |
| 082 | 0 | |a 320.5330945 |q LoC |2 DDC19oclc | |
| 084 | |a 14a |a 06a |a 01a |2 sdnb | ||
| 084 | |a 3,6 |2 ssgn | ||
| 084 | |a NK 6880 |2 rvk |0 (DE-625)rvk/126146: | ||
| 084 | |a AP 23210 |2 rvk |0 (DE-625)rvk/7086:667 | ||
| 084 | |a MC 7200 |2 rvk |0 (DE-625)rvk/122417: | ||
| 084 | |a NQ 1230 |2 rvk |0 (DE-625)rvk/128065: | ||
| 100 | 1 | |a Lönne, Karl-Egon |d 1933-2006 |0 (DE-588)123477565 |0 (DE-627)082578095 |0 (DE-576)162021887 |4 aut | |
| 109 | |a Lönne, Karl-Egon 1933-2006 |a Lönne, Karl Egon 1933-2006 | ||
| 245 | 1 | 0 | |a Faschismus als Herausforderung |b die Auseinandersetzung der "Roten Fahne" und des "Vorwärts" mit dem italienischen Faschismus 1920 - 1933 |c Karl-Egon Lönne |
| 264 | 1 | |a Köln |a Wien |b Böhlau-Verlag |c 1981 | |
| 300 | |a XII, 382 S. | ||
| 336 | |a Text |b txt |2 rdacontent | ||
| 337 | |a ohne Hilfsmittel zu benutzen |b n |2 rdamedia | ||
| 338 | |a Band |b nc |2 rdacarrier | ||
| 490 | 1 | |a Böhlau Politica |v 3 | |
| 500 | |a Literaturverz. S. 361 - 371 | ||
| 502 | |a Zugl.:, Düsseldorf, Univ., Habil.-Schr. | ||
| 546 | |a Deutsch | ||
| 583 | 1 | |a Archivierung/Langzeitarchivierung gewährleistet |f SLG |x XA-DE-BW |z BfZ |2 pdager |5 DE-24 | |
| 630 | 0 | 7 | |0 (DE-588)4200256-4 |0 (DE-627)10517503X |0 (DE-576)210134224 |a Die rote Fahne |g Zeitung |2 gnd |
| 650 | 0 | 7 | |0 (DE-588)4016494-9 |0 (DE-627)104814462 |0 (DE-576)208916172 |a Faschismus |2 gnd |
| 650 | 4 | |a Wirtschaftsgeschichte und Sozialgeschichte | |
| 650 | 4 | |a Politische Soziologie | |
| 650 | 4 | |a Faschismus | |
| 650 | 4 | |a Rote Fahne <Zeitung, 1918 - 1941> | |
| 650 | 4 | |a Vorwärts <Zeitschr.> | |
| 650 | 4 | |a Weimarer Republik / Schrift, Buch, Presse | |
| 650 | 4 | |a Weimarer Republik / Geistes- und Kulturleben | |
| 650 | 4 | |a Auslandsberichterstattung | |
| 650 | 4 | |a Politische Publizistik | |
| 651 | 7 | |0 (DE-588)4027833-5 |0 (DE-627)106283235 |0 (DE-576)208972501 |a Italien |2 gnd | |
| 651 | 7 | |a Italien |2 gnd | |
| 651 | 4 | |a Italien | |
| 653 | 0 | |a Fascism |a Italy |a Public opinion | |
| 653 | 0 | |a Italy |a Politics and government |a 1914-1922 |a Public opinion | |
| 653 | 0 | |a Italy |a Politics and government |a 1922-1945 |a Public opinion | |
| 653 | 0 | |a Public opinion |a Germany | |
| 653 | 0 | |a Journalism, Socialist |a Germany | |
| 653 | 0 | |a Rote Fahne | |
| 653 | 0 | |a Vorwärts | |
| 655 | 7 | |a Hochschulschrift |0 (DE-588)4113937-9 |0 (DE-627)105825778 |0 (DE-576)209480580 |2 gnd-content | |
| 689 | 0 | 0 | |d g |0 (DE-588)4027833-5 |0 (DE-627)106283235 |0 (DE-576)208972501 |a Italien |2 gnd |
| 689 | 0 | 1 | |d s |0 (DE-588)4016494-9 |0 (DE-627)104814462 |0 (DE-576)208916172 |a Faschismus |2 gnd |
| 689 | 0 | 2 | |d u |0 (DE-588)4200256-4 |0 (DE-627)10517503X |0 (DE-576)210134224 |a Die rote Fahne |g Zeitung |2 gnd |
| 689 | 0 | |5 (DE-627) | |
| 689 | 1 | 0 | |d g |0 (DE-588)4027833-5 |0 (DE-627)106283235 |0 (DE-576)208972501 |a Italien |2 gnd |
| 689 | 1 | 1 | |d s |0 (DE-588)4016494-9 |0 (DE-627)104814462 |0 (DE-576)208916172 |a Faschismus |2 gnd |
| 689 | 1 | |5 (DE-627) | |
| 830 | 0 | |a Böhlau-Politica |v 3 |9 3 |w (DE-627)167483900 |w (DE-576)008600597 |w (DE-600)532787-8 |7 am | |
| 856 | 4 | 2 | |u https://swbplus.bsz-bw.de/bsz008268614inh.htm |m V:DE-576 |v 2006-02-20 |3 Inhaltsverzeichnis |7 1 |
| 856 | 4 | 2 | |u http://scans.hebis.de/HEBCGI/show.pl?02230617_toc.pdf |m V:DE-576 |q application/pdf |3 Inhaltsverzeichnis |7 1 |
| 889 | |w (DE-627)24262006X | ||
| 935 | |a rexa | ||
| 935 | |i mdedup | ||
| 935 | |i Blocktest | ||
| 935 | |h HEB |i 0501 | ||
| 935 | |h HEB |i 0503 | ||
| 936 | r | v | |a NK 6880 |b Faschismus in Italien |k Geschichte |k Weltgeschichte, Darstellungen Allgemeine Geschichte einzelner Staaten und Völker Teilgebiete der Geschichte, Sammelwerke |k Teilgebiete der Geschichte |k Geschichte der politischen und sozialen Ideen und Bewegungen und der politischen Parteien |k Faschismus (ohne Nationalsozialismus) |k Faschismus in Italien |0 (DE-627)1271458047 |0 (DE-625)rvk/126146: |0 (DE-576)201458047 |
| 936 | r | v | |a AP 23210 |b Deutschland |k Allgemeines |k Medien- und Kommunikationswissenschaften, Medienkulturwissenschaft, Kommunikationsdesign |k Zeitungswissenschaft |k Biografien, Geschichte |k Pressegeschichte |k Europa |k Mitteleuropa |k Deutschland |0 (DE-627)1270888536 |0 (DE-625)rvk/7086:667 |0 (DE-576)200888536 |
| 936 | r | v | |a MC 7200 |b Rechtsradikalismus, Faschismus |k Politologie |k Geschichte der politischen Philosophie und der Ideologien |k Ideologien und Massenbewegungen |k Rechtsradikalismus, Faschismus |0 (DE-627)1271357666 |0 (DE-625)rvk/122417: |0 (DE-576)201357666 |
| 936 | r | v | |a NQ 1230 |b Sonstiges (Inflation, Reparationsfragen, Juden etc.) |k Geschichte |k Geschichte seit 1918 |k Deutsche Geschichte seit dem Ende des Ersten Weltkriegs |k Weimarer Republik (1918 - 1933) |k Innere Entwicklung |k Sonstiges (Inflation, Reparationsfragen, Juden etc.) |0 (DE-627)1271384108 |0 (DE-625)rvk/128065: |0 (DE-576)201384108 |
| 936 | s | n | |a a300 |2 mzub |
| 936 | s | n | |a m100 |2 mzub |
| 936 | s | n | |a n100 |2 mzub |
| 951 | |a BO | ||
| ELC | |b 1 | ||
| LOK | |0 000 xxxxxcx a22 zn 4500 | ||
| LOK | |0 001 3163188923 | ||
| LOK | |0 003 DE-627 | ||
| LOK | |0 004 023985674 | ||
| LOK | |0 005 20020213000000 | ||
| LOK | |0 008 951127||||||||||||||||ger||||||| | ||
| LOK | |0 040 |a DE-21 |c DE-627 |d DE-21 | ||
| LOK | |0 852 |a DE-21 | ||
| LOK | |0 852 1 |c 21 A 8354 |9 00 | ||
| LOK | |0 935 |a comp |a konv | ||
| LOK | |0 939 |a 27-11-95 |b l01 | ||
| LOK | |0 000 xxxxxcx a22 zn 4500 | ||
| LOK | |0 001 3163188990 | ||
| LOK | |0 003 DE-627 | ||
| LOK | |0 004 023985674 | ||
| LOK | |0 005 20020213000000 | ||
| LOK | |0 008 961113||||||||||||||||ger||||||| | ||
| LOK | |0 040 |a DE-21-108 |c DE-627 |d DE-21-108 | ||
| LOK | |0 092 |o l | ||
| LOK | |0 541 |e 2127/81 | ||
| LOK | |0 852 |a DE-21-108 | ||
| LOK | |0 852 1 |c HE 374.171 |m p |9 00 | ||
| LOK | |0 936ln |0 1298411289 |a HE 374 | ||
| LOK | |0 938 |k p | ||
| LOK | |0 939 |a 13-11-96 |b l01 | ||
| LOK | |0 000 xxxxxcx a22 zn 4500 | ||
| LOK | |0 001 3163189008 | ||
| LOK | |0 003 DE-627 | ||
| LOK | |0 004 023985674 | ||
| LOK | |0 005 20241216144554 | ||
| LOK | |0 008 100719||||||||||||||||ger||||||| | ||
| LOK | |0 040 |a DE-21-106 |c DE-627 |d DE-21-106 | ||
| LOK | |0 541 |e 14421/88 | ||
| LOK | |0 852 |a DE-21-106 | ||
| LOK | |0 852 1 |c G III Loe K |m p |9 00 | ||
| LOK | |0 935 |a k106 | ||
| LOK | |0 938 |k p | ||
| LOK | |0 939 |a 19-07-10 |b l01 | ||
| ORI | |a SA-MARC-krimdoka001.raw | ||
| SIG | |a UB: 21 A 8354 | ||
| TIM | |a 100018610317_100020261231 |b 1861-03-17 - 2026 | ||
